000 00472ntaaa2200181 4500
003 01
005 20251027202253.0
008 0714s1973 ag 01
040 _aAR-BaBN
_bspa
_cAR-BaBN
_eaacr
_dRIC
082 _a270.1000 L88
100 _aLoosley, Ernest G
_921103
245 _aWhen the church was very young
250 _a1 ed.
260 _aLondon :
_bG. Allen and Unwin Ltd,
_cc1935
300 _a119 p
650 _aiglesia cristiana primitiva
_921104
942 _cBK
999 _c17495
_d17495